000
00318pam a2200145 a 4500
020
_c
041
_a
eng
082
_b
JAC
100
_a
Jackson P.
245
_a
Introduction To Expert System
_h
Textual Documents
250
_a
2005.
260
_a
New Delhi
_b
Pearson Education
300
_a
542 pg .
930
_a
5757
999
_c
82673
_d
82673